Piazzamenti delle Nazionali agli Europei "Portogallo 2004" - Statistics

Statistiche generali
  • Questo quiz è stato fatto 3 volte
  • Il punteggio medio è 11 su 16
Statistiche sulle risposte
Hint Risposta % Corretto
Grecia Campione
100%
Bulgaria Fase a gironi
100%
Russia Fase a gironi
100%
Lettonia Fase a gironi
100%
Italia Fase a gironi
100%
Inghilterra Quarti di finale
100%
Francia Quarti di finale
100%
Danimarca Quarti di finale
100%
Spagna Fase a gironi
50%
Svizzera Fase a gironi
50%
Svezia Quarti di finale
50%
Portogallo Secondo posto
50%
Repubblica Ceca Semifinale
50%
Germania Fase a gironi
0%
Croazia Fase a gironi
0%
Paesi Bassi Semifinale
0%
Nessun quiz corrispondente trovato
Distribuzione punteggi
Percentuale di utenti per punteggio
Percentile per numero di risposta
I tuoi punteggi nel tempo
Non hai fatto questo quiz